Vista normal
Vista MARC
Entrada Nombre corporativo
Número de registros utilizados en: 28
001 - NÚMERO DE CONTROL
- Campo de control: 4583
003 - IDENTIFICADOR DE NÚMERO DE CONTROL
- Campo de control: ES-MaCES
005 - FECHA Y HORA DE LA ULTIMA MODIFICACION
- Campo de control: 20240822141710.0
008 - ELEMENTOS DE DATOS DE LONGITUD FIJA
- Campo de longitud fija: 990426 | azznnaabn || ana d
035 ## - NÚMERO DE CONTROL DEL SISTEMA
- Número de control del sistema: CES19990002440e
040 ## - FUENTE DE LA CATALOGACIÓN
- Agencia original de catalogación: ES-MaCES
- Idioma de catalogación: spa
- Agencia de transcripción: ES-MaCES
110 2# - ENCABEZAMIENTO--NOMBRE CORPORATIVO
- Nombre corporativo o de jurisdicción como elemento de entrada: Naciones Unidas
- Unidad subordinada: Departamento de Asuntos Económicos y Sociales
410 2# - TRAZADO VEÁSE--NOMBRE CORPORATIVO
- Nombre corporativo o de jurisdicción como elemento de entrada: Naciones Unidas
- Unidad subordinada: Departamento de Asuntos Económicos y Sociales
- Unidad subordinada: División para el Adelanto de la Mujer
410 2# - TRAZADO VEÁSE--NOMBRE CORPORATIVO
- Nombre corporativo o de jurisdicción como elemento de entrada: United Nations
- Unidad subordinada: Department of Economic and Social Affairs
- Unidad subordinada: Statistics Division
410 2# - TRAZADO VEÁSE--NOMBRE CORPORATIVO
- Nombre corporativo o de jurisdicción como elemento de entrada: United Nations
- Unidad subordinada: Department of Economic and Social Affairs
- Unidad subordinada: Population Division
410 2# - TRAZADO VEÁSE--NOMBRE CORPORATIVO
- Nombre corporativo o de jurisdicción como elemento de entrada: DESA
670 ## - FUENTE DE DATOS ENCONTRADOS
- Fuente de citación: Bibliografía Nacional
901 ## - CES. DATOS SIRTEX
- ID Sirtex (N5N8): 0001800003457
- 005BIS Sirtex: 199904261314ANABEL

